01651naa a2200181 a 450000100080000000500110000800800410001910000200006024500680008026000090014852010720015765300180122965300380124765300370128570000200132270000160134277301110135811216282014-09-10 2013 bl uuuu u00u1 u #d1 aROSSITER, D. G. aCi??ncia do Solobpara quem e para qu???h[electronic resource] c2013 aO XXXIV Congresso Brasileiro de Ci??ncia do Solo realizado em Florian??polis, SC no per??odo de 28 de julho a 2 de agosto de 2013, teve como tema central: "Ci??ncia do Solo: para qu?? e para quem?" Esta pergunta tem sido repetida de formas diferentes em v??rias partes do mundo, e tamb??m em outras ??reas da ci??ncia. Algumas das raz??es que tem motivado este questionamento, referem-se ao distanciamento entre muitas das informa????es geradas pela Ci??ncia do Solo e seus potenciais usu??rios, a linguagem acad??mica de dif??cil compreens??o e o desenvolvimento de pesquisas que nem sempre contemplam as reais necessidades dos tomadores de decis??o. Devemos entender porque este questionamento vem ocorrendo e como responder a ele. Ainda existem muitas demandas por informa????es que at?? hoje n??o tem sido atendidas, e que ainda nem sabemos atender de maneira adequada. Este ?? tamb??m o tema discutido no presente artigo. N??o temos a pretens??o de esgotar o assunto, mas gostar??amos de propor um momento de reflex??o sobre poss??veis caminhos a serem seguidos. aComunica????o aDist??ncia Informa????o/Usu??rios aRenascimento da Ci??ncia do Solo1 aBACIC, I. L. Z.1 aGIASSON, E. tBoletim Informativo do Sociedade Brasileira de Ci??ncia do Solo, Vi??osa, MGgv. 38, n. 03, p. 8-11, 2013.